Praktická škola personalistiky

Kariéra - predstava vlastnej budúcnosti z pracovnej, materiálnej a psychickej stránky. Generačné hľadisko osobnej kariéry. Životný cieľ a jeho spôsob dosiahnutia v rôznych vekových kategóriách. Zdroje osobného úspechu. Tvorivosť, vytrvalosť, flexibilnosť pracovníkov. Modely osobnej kariéry. Riadiaci...

ver descrição completa

Na minha lista:
Detalhes bibliográficos
Autor principal: Tóth, Rastislav
Outros Autores: Lubelec, Libor
Formato: Livro
Idioma:eslovaco
Assuntos:
Tags: Adicionar Tag
Sem tags, seja o primeiro a adicionar uma tag!

MARC

LEADER 00000nam a2200000 4500
001 r031124
005 20230425124105.6
041 0 |a slo 
044 |a SK 
245 1 0 |a Praktická škola personalistiky  |c Rastislav Tóth, Libor Lubelec 
520 |a Kariéra - predstava vlastnej budúcnosti z pracovnej, materiálnej a psychickej stránky. Generačné hľadisko osobnej kariéry. Životný cieľ a jeho spôsob dosiahnutia v rôznych vekových kategóriách. Zdroje osobného úspechu. Tvorivosť, vytrvalosť, flexibilnosť pracovníkov. Modely osobnej kariéry. Riadiaci pracovník. Radový pracovník. Začínajúci pracovník. 
610 2 0 |a personalistika 
610 2 0 |a úspech pracovný 
610 2 0 |a proces pracovný 
610 2 0 |a osobnosť 
610 2 0 |a kariéra 
610 2 0 |a vek 
610 2 0 |a flexibilita 
610 2 0 |a stresy 
610 2 0 |a pracovníci riadiaci 
610 2 0 |a pracovníci mladí 
610 2 0 |a prax odborná 
100 1 |a Tóth, Rastislav 
700 1 |a Lubelec, Libor